000 00647nam a2200229Ia 4500
003 OSt
005 20221007080546.0
006 a|||||r|||| 00| 0
007 ta
008 221006b |||||||| |||| 00| 0 eng d
024 _a11,852
037 _cTextual
040 _aFLL
_cFLL
_beng
041 _2eng
_aeng
082 _aV2:12(X).N8, M5
100 _aPanigarhi D.D. Au.
_9695015
245 0 _aCentre-state financial relations in india
260 _aNew Delhi
_bVikas publishing house pvt. ltd. India
_c1985
300 _a243p
_ccm.
942 _hV2:12(X).N8, M5
_cTEXL
_2CC
999 _c1160090
_d1160090